| 000 | 00635nam a2200193Ia 4500 | ||
|---|---|---|---|
| 003 | GCL | ||
| 008 | 140319s9999 xx 000 0 ara d | ||
| 040 |
_aGCL / _cGCL |
||
| 082 | 0 | 4 |
_a390.2 _bم م |
| 100 | 1 | _aمحمد عوض خميس | |
| 245 | 1 | 0 |
_aالمرأة والتقدم للخلف: دراسة نفسية للعادات والتقاليد / _cمحمد عوض خميس |
| 260 |
_a[S.N] : _bالعربى للنشر والتوزيع |
||
| 300 | _a237 ص | ||
| 490 | _a | ||
| 650 | 0 | 4 | _aالعادات والتقاليد |
| 650 | 0 | 4 | _aالمرأة فى مصر |
| 650 | 0 | 4 | _aالعلوم الاجتماعية |
| 942 |
_2ddc _cBK |
||
| 999 |
_c45383 _d45383 |
||